The concept of self. (Record no. 76819)

MARC details
000 -LEADER
fixed length control field 00693cam a22002531 4500
001 - CONTROL NUMBER
control field sa 67007848
003 - CONTROL NUMBER IDENTIFIER
control field DLC
005 - DATE AND TIME OF LATEST TRANSACTION
control field 20260227112418.0
008 - FIXED-LENGTH DATA ELEMENTS--GENERAL INFORMATION
fixed length control field 791105s1966 xx 000 0 eng
010 ## - LIBRARY OF CONGRESS CONTROL NUMBER
LC control number sa 67007848
035 ## - SYSTEM CONTROL NUMBER
System control number (OCoLC)5652063
040 ## - CATALOGING SOURCE
Original cataloging agency DLC
Transcribing agency FTaSU
Modifying agency DLC
042 ## - AUTHENTICATION CODE
Authentication code premarc
050 00 - LIBRARY OF CONGRESS CALL NUMBER
Classification number BF697
Item number .R68
082 ## - DEWEY DECIMAL CLASSIFICATION NUMBER
Classification number 155.2
100 1# - MAIN ENTRY--PERSONAL NAME
Personal name Roy, Kamala.
245 14 - TITLE STATEMENT
Title The concept of self.
250 ## - EDITION STATEMENT
Edition statement [1st ed.]
260 ## - PUBLICATION, DISTRIBUTION, ETC.
Place of publication, distribution, etc. Calcutta,
Name of publisher, distributor, etc. Firma K. L. Mukhopadhyay,
Date of publication, distribution, etc. 1966.
300 ## - PHYSICAL DESCRIPTION
Extent xiii, 305 p.
Dimensions 23 cm.
500 ## - GENERAL NOTE
General note "Revised version of a doctoral thesis submitted ... to the Calcutta University."
504 ## - BIBLIOGRAPHY, ETC. NOTE
Bibliography, etc. note Includes bibliographies.
650 #0 - SUBJECT ADDED ENTRY--TOPICAL TERM
Topical term or geographic name entry element Self.

No items available.

Powered by Koha